|
|
|
|
| LEADER |
00000nam a2200000 a 4500 |
| 001 |
vtls001477836 |
| 003 |
SK-MaSNL |
| 005 |
20260302073605.0 |
| 008 |
240318s2003 xo a slo |
| 015 |
|
|
|a SNBA2005/12-05640
|
| 020 |
|
|
|a 8070975369
|
| 035 |
|
|
|a SNK000433136
|
| 035 |
|
|
|a urn:nbn:sk:snk-amyfe8
|
| 035 |
|
|
|a urn:nbn:sk:snk-am00ceiz
|
| 035 |
|
|
|a 2C42554A-4577-4CD6-85F6-C2AC957C6CC2
|
| 040 |
|
|
|a SNK
|b slo
|c SNK
|e AACR2
|
| 041 |
0 |
|
|a slo
|
| 044 |
|
|
|a xo
|c SK
|
| 072 |
|
7 |
|a 575
|x Všeobecná genetika. Všeobecná cytogenetika. Evolúcia
|2 konspekt
|
| 080 |
|
|
|a 575:61
|x (075.8)
|x (076.5)
|2 snkbum
|
| 080 |
|
|
|a 61:575
|2 1981
|
| 080 |
|
|
|a (075.8)
|2 1981
|
| 080 |
|
|
|a (076.5)
|2 1981
|
| 080 |
|
|
|a 61:57
|2 1981
|
| 080 |
|
|
|a 577.21
|2 snkbum
|
| 100 |
1 |
|
|a Mičková, Helena,
|d 1955-
|4 aut
|9 192969
|
| 245 |
1 |
0 |
|a Lekárska biológia
|b genetika : praktické cvičenia
|c Helena Mičková
|
| 250 |
|
|
|a 1. vyd.
|
| 260 |
|
|
|a V Košiciach
|b Univerzita Pavla Jozefa Šafárika
|c 2003
|
| 300 |
|
|
|a 169 s.
|b ilustr., tab.
|c 30 cm
|
| 490 |
1 |
|
|a Vysokoškolské učebné texty
|
| 500 |
|
|
|a 500 výt.
|
| 504 |
|
|
|a Bibliogr. s. 169
|
| 650 |
0 |
7 |
|a lekárska biológia
|2 SNKPH
|9 700
|
| 650 |
0 |
7 |
|a klinická genetika
|2 SNKPH
|9 2472
|
| 655 |
|
7 |
|a učebnice vysokých škôl
|2 SNKPH
|9 70191
|
| 655 |
|
7 |
|a praktické cvičenia
|2 SNKPH
|9 70517
|
| 710 |
2 |
|
|a Univerzita Pavla Jozefa Šafárika v Košiciach.
|b Lekárska fakulta
|4 pbl
|9 118212
|
| 752 |
|
|
|a Slovensko
|d Košice
|
| 810 |
2 |
|
|a Univerzita Pavla Jozefa Šafárika v Košiciach.
|b Lekárska fakulta
|t Vysokoškolské učebné texty
|9 276777
|
| 919 |
|
|
|a 80-7097-536-9
|
| 958 |
|
|
|a OND
|
| 958 |
|
|
|a NB
|
| 958 |
|
|
|a ME
|
| 968 |
|
|
|d 61
|
| 999 |
|
|
|c 1161472
|d 1163402
|
| 952 |
|
|
|t P60, <03>, [BOOK], {603}, -B-
|a SNK
|b SNK
|y PREZ
|7 0
|p 17A0435667
|o snkSB 68836
|i snkKSP 8873/2004
|0 0
|1 0
|4 0
|d 2004-07-06
|f 1
|l 0
|r 2025-04-23 00:00:00
|w 2026-02-24
|
| 952 |
|
|
|a SNK
|b SNK
|y VYP
|7 0
|p 17A0654238
|o snkSB 68836 D1
|i snkKSP 8874/2004
|3 rekatalogizácia
|0 0
|1 0
|4 0
|d 2004-07-06
|l 0
|r 2005-01-02 00:00:00
|w 2026-02-24
|